Konfliktuskezelés a középiskolában

Bibliográfiai részletek
Szerző: Tóbiás Rita
További közreműködők: Thuma Dr. Orsolya
Dokumentumtípus: Diplomadolgozat
Kulcsszavak:Konfliktus
konfliktuskezelés
megoldási módok
iskola
Online Access:http://dolgozattar.uni-bge.hu/11087

MARC

LEADER 00000nta a2200000 i 4500
001 dolg11087
005 20170906140805.0
008 170512suuuu hu om 000 hun d
040 |a BGE Dolgozattár Repozitórium  |b hun 
041 |a hu 
100 1 |a Tóbiás Rita 
245 1 0 |a Konfliktuskezelés a középiskolában  |c Tóbiás Rita  |h [elektronikus dokumentum] 
695 |a Konfliktus 
695 |a konfliktuskezelés 
695 |a megoldási módok 
695 |a iskola 
700 1 |a Thuma Dr. Orsolya  |e ths 
856 4 0 |u http://dolgozattar.uni-bge.hu/11087/1/Konfliktuskezel%C3%A9s%20a%20k%C3%B6z%C3%A9piskol%C3%A1ban.pdf  |z Dokumentum-elérés